MARC details
| 000 -CABECERA |
| campo de control de longitud fija |
01309nam a2200289 a 4500 |
| 001 - NÚMERO DE CONTROL |
| campo de control |
000026634 |
| 005 - FECHA Y HORA DE LA ÚLTIMA TRANSACCIÓN |
| campo de control |
20210420113209.0 |
| 008 - DATOS DE LONGITUD FIJA--INFORMACIÓN GENERAL |
| campo de control de longitud fija |
110324s1992 dr 000 0 spa d |
| 040 ## - FUENTE DE LA CATALOGACIÓN |
| Centro catalogador/agencia de origen |
DO-SdBNP |
| Lengua de catalogación |
spa |
| Centro/agencia transcriptor |
BNPHU |
| 082 ## - NÚMERO DE LA CLASIFICACIÓN DECIMAL DEWEY |
| Número de clasificación |
305.23 |
| Número de documento/Ítem |
M744e |
| 245 00 - MENCIÓN DE TÍTULO |
| Título |
Monitoreo de los efectos de las políticas económicas y sociales en el bienestar infantil 1988-1991 / |
| Mención de responsabilidad, etc. |
invetigaciones Eduardo Ogando, Héctor Romero, Gregorio Soriano. |
| 260 ## - PUBLICACIÓN, DISTRIBUCIÓN, ETC. |
| Lugar de publicación, distribución, etc. |
Santo Domingo : |
| Nombre del editor, distribuidor, etc. |
CENISMI |
| -- |
ONAPLAN, |
| -- |
UNICEF, |
| Fecha de publicación, distribución, etc. |
1992. |
| 300 ## - DESCRIPCIÓN FÍSICA |
| Extensión |
202 p. ; |
| Dimensiones |
28 cm. |
| 590 ## - NOTA LOCAL (RLIN) |
| Nota local |
Inventariado,2018/DG |
| 650 #4 - PUNTO DE ACCESO ADICIONAL DE MATERIA--TÉRMINO DE MATERIA |
| Término de materia o nombre geográfico como elemento de entrada |
Niños |
| Subdivisión general |
Aspectos sociales |
| Subdivisión geográfica |
República Dominicana |
| Subdivisión cronológica |
1988-1991 |
| 9 (RLIN) |
53742 |
| 650 #4 - PUNTO DE ACCESO ADICIONAL DE MATERIA--TÉRMINO DE MATERIA |
| Término de materia o nombre geográfico como elemento de entrada |
Bienestar infantil |
| Subdivisión cronológica |
1988-1991 |
| 9 (RLIN) |
53743 |
| 650 #4 - PUNTO DE ACCESO ADICIONAL DE MATERIA--TÉRMINO DE MATERIA |
| Término de materia o nombre geográfico como elemento de entrada |
Niños |
| Subdivisión general |
Cuidado e higiene |
| Subdivisión cronológica |
1988-1991 |
| 9 (RLIN) |
53744 |
| 650 #4 - PUNTO DE ACCESO ADICIONAL DE MATERIA--TÉRMINO DE MATERIA |
| Término de materia o nombre geográfico como elemento de entrada |
Salud infantil |
| Subdivisión geográfica |
República Dominicana |
| Subdivisión cronológica |
1988-1991 |
| 9 (RLIN) |
53745 |
| 650 #4 - PUNTO DE ACCESO ADICIONAL DE MATERIA--TÉRMINO DE MATERIA |
| Término de materia o nombre geográfico como elemento de entrada |
Planificación de la salud |
| Subdivisión geográfica |
República Dominicana |
| Subdivisión cronológica |
1988-1991 |
| 9 (RLIN) |
53746 |
| 700 12 - PUNTO DE ACCESO ADICIONAL--NOMBRE DE PERSONA |
| Nombre de persona |
Ogando, Eduardo |
| 9 (RLIN) |
53747 |
| 700 12 - PUNTO DE ACCESO ADICIONAL--NOMBRE DE PERSONA |
| Nombre de persona |
Romero, Héctor |
| 9 (RLIN) |
53748 |
| 700 12 - PUNTO DE ACCESO ADICIONAL--NOMBRE DE PERSONA |
| Nombre de persona |
Soriano, Gregorio |
| 9 (RLIN) |
53749 |
| 710 2# - PUNTO DE ACCESO ADICIONAL--NOMBRE DE ENTIDAD CORPORATIVA |
| Nombre de entidad corporativa o nombre de jurisdicción como elemento de entrada |
Centro Nacional de Investigaciones en Salud (República Dominicana) |
| 9 (RLIN) |
53750 |
| 710 2# - PUNTO DE ACCESO ADICIONAL--NOMBRE DE ENTIDAD CORPORATIVA |
| Nombre de entidad corporativa o nombre de jurisdicción como elemento de entrada |
Oficina Nacional de Planificación (República Dominicana) |
| 9 (RLIN) |
10843 |
| 710 ## - PUNTO DE ACCESO ADICIONAL--NOMBRE DE ENTIDAD CORPORATIVA |
| Nombre de entidad corporativa o nombre de jurisdicción como elemento de entrada |
Fondo de las Naciones Unidas para la Infancia |
| 9 (RLIN) |
9270 |
| 910 ## - DATOS DE OPCIÓN DEL USUARIO (OCLC) |
| Datos de opción del usuario |
Validado. Control de calidad MFF |